000 00505nam a2200181Ia 4500
003 GCL
008 140319s9999 xx 000 0 ara d
040 _aGCL /
_cGCL
082 0 4 _a272.5
_bف م
100 1 _aفهيم عزيز
245 1 0 _aالمدخل الى العهد الجديد /
_cفهيم عزيز
260 _a[S.N] :
_bدار الثقافة العربية ،
_c1980
300 _a767 ص
490 _a
650 0 4 _aالعهد الجديد
650 0 4 _aالانجيل
942 _2ddc
_cBK
999 _c54018
_d54018